000 00350nam a2200157Ia 4500
008 210210b xxu||||| |||| 00| 0 eng d
082 _a383/43
100 _aCASSON (Herbert N)
245 _aHeres to improvements
260 _aLondon
_b-
_c
300 _a139
650 _aimprovements
650 _aHeres
690 _aManagement
906 _a005239
999 _c125143
_d125143